02259nam a2200349 a 4500001001000000005001700010041000800027044000700035084002000042100005000062245012700112260004700239300002200286500036400308500020400672500040500876500004001281500001001321546002701331650005701358650006101415650003901476650005001515700004701565700005101612700004801663740005001711902000801761942001101769999001501780952011401795BRCA_344620190320204303.0 apor apo a735b.S55c18771 aCervantes Saavedra, Miguel ded1547-1616921310aO Engenhoso Fidalgo D. Quichote de la Manchacpor Miguel de Cervantes Saavedra ; TraducÇáo do Visconde de Benalcanfor. aLisboabFrancisco Arthur da Silvac1877-78 a2 v.bil.c23 cm. aContenido : v.1. Primera parte. Retrato de Cervantes. Escudo de la edición príncipe. Dedicatoria del autor. Advertencia del editor. Versos preliminares. Vida de Cervantes por Aribau, traducida al portugués. Prólogo del autor. 1877. -- v.2. Segunda parte. Dedicatoria y prólogo del autor. Notas finales sobre Avellaneda y libros de caballería. 1878 aEdición : Ornada con 31 gravuras auxiliado para mais facil interpretaÇáo, comprohendendo a intercalada no texto por Luis Breton y Vedra. Desenhos de Manuel de Macedo gravuras de José Severini aBuena traducción de Benalcanfor y Breton y Vedra. Conserva el escudo de la edición príncipe con el mote: Post tenebras spero lucem, que los traductores atribuyen a Cervantes. Va precedida de una Vida de Cervantes, traducida de la que escribió Aribau, y proveída de notas. Los dibujos son obra de Macedo. La impresión es muy buena. Semipiel; lomeras adornadas con dorados Lúdovik Osterc aIncluye índice : De ilustraciones aQM576 aTexto en : portugués14aNovela españolayÉpoca clásica, 1500-1700921514aLiteratura españolayÉpoca clásica, 1500-1700921614aNovela españolaySiglo XVII921714aDon Quijote (Personaje ficticio)eNovela92181 aBreton y Vedra, Luisd1833-?eEditor990151 aMacedo, Manuel ded1839-1915eIlustrador990161 aSeverini, Joséd1852-1882eGrabador990170 aEl Ingenioso Hidalgo Don Quijote de la Mancha aQFM 2lcccB c3182d3182 00104070aBRCAbBRCAd2009-04-14iQM576l0o735 .S55 1877 (QM576)p3443r2019-03-22 00:00:00w2019-03-22yB